<?xml version="1.0" encoding="utf-8"?>
<?xml-stylesheet type='text/xsl' href='./oai2.xsl'?>
<OAI-PMH xmlns="http://www.openarchives.org/OAI/2.0/" xmlns:xsi="http://www.w3.org/2001/XMLSchema-instance" xsi:schemaLocation="http://www.openarchives.org/OAI/2.0/ http://www.openarchives.org/OAI/2.0/OAI-PMH.xsd">
  <responseDate>2026-06-06T13:18:10Z</responseDate>
  <request verb="GetRecord" metadataPrefix="marcxml" identifier="record_kuniweb_1291401">https://kulturerbe.niedersachsen.de/oai</request>
  <GetRecord>
    <record>
      <header>
        <identifier>record_kuniweb_1291401</identifier>
        <datestamp>2018-08-17T07:05:05Z</datestamp>
        <setSpec>slg0206</setSpec>
      </header>
      <metadata>
        <marc:record xmlns:marc="http://www.loc.gov/MARC21/slim" xsi:schemaLocation="http://www.loc.gov/MARC21/slim http://www.loc.gov/standards/marcxml/schema/MARC21slim.xsd">
          <marc:leader>12345nrm  22     uu 4500</marc:leader>
          <marc:controlfield tag="001">1291401</marc:controlfield>
          <marc:controlfield tag="003">http://kuniweb.gbv.de</marc:controlfield>
          <marc:controlfield tag="005">2018-03-16T10:07:28</marc:controlfield>
          <marc:controlfield tag="008">|           ||||||||||||||||||||||</marc:controlfield>
          <marc:datafield tag="245" ind1="1" ind2="0">
            <marc:subfield code="a">Altarfiguren aus Holz, Doppelfigur</marc:subfield>
          </marc:datafield>
          <marc:datafield tag="655" ind1=" " ind2="7">
            <marc:subfield code="a">Kunsthandwerk</marc:subfield>
          </marc:datafield>
          <marc:datafield tag="046" ind1=" " ind2=" ">
            <marc:subfield code="k">1401</marc:subfield>
            <marc:subfield code="k">15.Jahrhundert</marc:subfield>
            <marc:subfield code="l">1500</marc:subfield>
          </marc:datafield>
          <marc:datafield tag="260" ind1=" " ind2=" ">
            <marc:subfield code="g">1401</marc:subfield>
            <marc:subfield code="g">1500</marc:subfield>
            <marc:subfield code="g">15.Jahrhundert</marc:subfield>
          </marc:datafield>
          <marc:datafield tag="300" ind1=" " ind2=" ">
            <marc:subfield code="a">Höhe: 42,5 cm (ohne Sockelplatte)
Breite: 32 cm
Tiefe: 11 cm</marc:subfield>
          </marc:datafield>
          <marc:datafield tag="520" ind1=" " ind2=" ">
            <marc:subfield code="a">"Hinten abgeflachte Dreiviertelfiguren, durch einen bankähnlichen Sockel verbunden. Die Reste von zwei Holzdübeln auf der Rückseite lassen vermuten, daß die Figuren ursprünglich als Relief zu einem Altar oder einem Epitaph gehörten. Die Fassung ist stark überarbeitet und z.T. mit Lackfarbe überstrichen. Die Funktion der nachmittelalterlichen Metallösen ist unklar.
Crispinus und Crispinianus treten schon seit dem 12.Jh. als Zunftpatrone der Schuhmacher, Sattler und Gerber auf. Im Spätmittelalter findet sich ihre Darstellung häufig. Hier tragen die beiden Heiligen lange, lockige Haare. Crispinianus einen kurzen Bart. Sie sind mit gegürteten Gewändern und mantellangen Umhängen bekleidet; der Umhang des Crispinianus wird von einer Fibel gehalten. Einziges Attribut ist das Buch in seiner Hand, das die beiden als Verkünder des Evangeliums auszeichnet. Weitere Attribute, die für die spätmittelalterliche Darstellung der Patrone typisch sind - wie Schuh oder Schusterwerkzeug in der Hand, Mühlstein oder Palmzweige als Zeichen der Märtyrer -, fehlen bei den Figuren. Eventuell trug Crispinus in seiner inzwischen abgesplitterten rechten Hand ein solches Attribut. Auch die linken Händer der Brüder sind so zu Fäusten geformt, daß man Ergänzungen vermuten kann." (Puhle (Hrsg): 1996, 137.; Frauke Hellwig)

Aufkleber:
Schumacher-Innung (Rückseitig aufgeklebter Zettel mit handschriftlicher Notiz.)

Verwendungszweck:
Figuren gehörten entweder zu einem Epitaph oder Altar

Gebrauchsort:
Northeim (Niedersachsen)

Veröffentlicht in:
M. Puhle, „Katalog. Hanse, Städte, Bünde: die sächsischen Städte zwischen Elbe und Weser um 1500; Ausstellung Kulturhistorisches Museum Magdeburg 28. Mai bis 25. August 1996 .. ; 2“. 1996.</marc:subfield>
          </marc:datafield>
          <marc:datafield tag="650" ind1="1" ind2=" ">
            <marc:subfield code="a">Religion</marc:subfield>
          </marc:datafield>
          <marc:datafield tag="650" ind1="1" ind2=" ">
            <marc:subfield code="a">Religiöse Kunst</marc:subfield>
          </marc:datafield>
          <marc:datafield tag="650" ind1="1" ind2=" ">
            <marc:subfield code="a">Schuhmacher</marc:subfield>
          </marc:datafield>
          <marc:datafield tag="650" ind1="1" ind2=" ">
            <marc:subfield code="a">Altar</marc:subfield>
          </marc:datafield>
          <marc:datafield tag="650" ind1="1" ind2=" ">
            <marc:subfield code="a">Bildwerk</marc:subfield>
          </marc:datafield>
          <marc:datafield tag="650" ind1="1" ind2=" ">
            <marc:subfield code="a">Religion/Glaube</marc:subfield>
          </marc:datafield>
          <marc:datafield tag="773" ind1="0" ind2=" ">
            <marc:subfield code="t">Handwerk und Gilden</marc:subfield>
          </marc:datafield>
          <marc:datafield tag="852" ind1=" " ind2=" ">
            <marc:subfield code="a">Heimatmuseum Northeim</marc:subfield>
          </marc:datafield>
          <marc:datafield tag="" ind1=" " ind2=" ">
            <marc:subfield code="a">Namensnennung 4.0 International (CC BY 4.0)</marc:subfield>
          </marc:datafield>
        </marc:record>
      </metadata>
    </record>
  </GetRecord>
</OAI-PMH>
